Statistics for 2019 Champions League Final Tottenham Hotspur - Liverpool

Click here to take the quiz!

General Stats

  • This quiz has been taken 65 times
  • The average score is 27 of 30

Answer Stats

Player % Correct
Hugo Lloris
100%
Harry Kane
100%
Sadio Mané
100%
Roberto Firmino
100%
Mohamed Salah ¹
100%
Virgil van Dijk
100%
Dele Alli
100%
Trent Alexander-Arnold
98%
Andrew Robertson
98%
Alisson
97%
Jordan Henderson
97%
Jan Vertonghen
97%
Son Heung-min
95%
Jürgen Klopp
95%
Joel Matip
95%
Fabinho
93%
Divock Origi ¹
93%
Georginio Wijnaldum
92%
Mauricio Pochettino
88%
Lucas Moura
87%
Danny Rose
85%
Kieran Trippier
83%
Christian Eriksen
83%
Toby Alderweireld
83%
James Milner
82%
Harry Winks
78%
Joe Gomez
77%
Moussa Sissoko
75%
Eric Dier
72%
Fernando Llorente
53%

Score Distribution

Percentile by Number Answered

Percent of People with Each Score

Your Score History

You have not taken this quiz